000 00619cab a2200193 4500
001 ABS40558
008 090401t1989 xxu||||| |||| 00| 0 eng d
035 _a(Sirsi) u24722
041 _aeng
100 _aCottam, G.
245 _aContractors in straitjackets
260 _c1989
350 _a0
490 _aConstruction News
_v(6105) 30 March 1989, 19
520 _aTwo part review of the proposed third edition of the PSA `s Standard Conditions of Contract , looking at the restrictions its places on contractors.
690 _aBUILT ENVIRONMENT-BUILDING CONTRACT FORMS
942 _n0
948 _c04/03/1997
999 _c16586
_d16586